| 000 -ლიდერი |
| ფიქსირებული სიგრძის საკონტროლო ველი |
01536nam a2200301Ia 4500 |
| 001 - საკონტროლო ნომერი |
| საკონტროლო ველი |
20207 |
| 003 - საკონტროლო ნომრის იდენტიფიკატორი |
| საკონტროლო ველი |
GE_BSU |
| 005 - ბოლო ოპერაციის თარიღი და დრო |
| საკონტროლო ველი |
20200610195255.0 |
| 008 - ფიქსირებული სიგრძის მონაცემთა ელემენტები - ზოგადი ინფორმაცია |
| ფიქსირებული სიგრძის საკონტროლო ველი |
181216s2015||||ge |||||||||||||| ||geo|| |
| 020 ## - წიგნის საერთაშორისო სტანდარტული ნომერი |
| International Standard Book Number |
9789941081408 |
| 040 ## - კატალოგიზაციის წყარო |
| Transcribing agency |
GE_BSU |
| 041 ## - ენის კოდი |
| Language code of text/sound track or separate title |
geo |
| 080 ## - უნივერსალური ათობითი კლასიფიკაციის ინდექსი |
| Universal Decimal Classification number |
27-526.6(479.22)+739.046 მ-42 |
| 100 ## - მთავარი ჩანაწერი - პიროვნების სახელი |
| Personal name |
მაჩაბელი, კიტი |
| 9 (RLIN) |
8335 |
| 245 ## - ცნობა სათაურის შესახებ |
| Title |
ღმრთისმშობელი ქართულ ჭედურ ხელოვნებაში (X-XI საუკუნეები) / |
| Statement of responsibility, etc |
კიტი მაჩაბელი. |
| 260 ## - გამოქვეყნების, გავრცელების, და სხვა. ცნობები |
| Place of publication, distribution, etc |
თბილისი |
| 260 ## - გამოქვეყნების, გავრცელების, და სხვა. ცნობები |
| Date of publication, distribution, etc |
2015 |
| 300 ## - ფიზიკური აღწერა |
| Extent |
104 გვ;ილ;25 სმ. |
| 300 ## - ფიზიკური აღწერა |
| Other physical details |
შენიშვნები: გვ. 96–104. |
| 300 ## - ფიზიკური აღწერა |
| Dimensions |
გარეკანზე: ღმრთისმშობელი ოდიგიტრია. ოქრო. მარტვილი, X-XI ს. |
| 500 ## - ზოგადი შენიშვნა |
| General note |
ეძღვნება ქართული ხელოვნებათმცოდნეობის 100 წლისთავს |
| 500 ## - ზოგადი შენიშვნა |
| General note |
შენიშვნები : გვ. 96–104 |
| 501 ## - შენიშვნა თანმხლებ მასალაზე |
| With note |
გარეკანზე : ღმრთისმშობელი ოდიგიტრია, ოქრო, მარტვილი, X-XI ს. |
| 653 ## - INDEX TERM--UNCONTROLLED |
| Uncontrolled term |
რელიგია;ხელოვნება |
| 653 ## - INDEX TERM--UNCONTROLLED |
| Uncontrolled term |
ქართული ჭედური ხატები |
| 653 ## - INDEX TERM--UNCONTROLLED |
| Uncontrolled term |
ღმრთისმშობლის იკონოგრაფია |
| 942 ## - ADDED ENTRY ELEMENTS (KOHA) |
| Koha item type |
წიგნი |
| Source of classification or shelving scheme |
|